Parametric X-Rays and Background Radiation at 50 Gev ProtonBeam; RREPS-13. Radiation from Relativistic Electrons in Periodic Structures and Meghri-13. Electron, Positron, Neutron and X-ray Scattering under External Influences

Dades bibliogràfiques
Parent link:RREPS-13. Radiation from Relativistic Electrons in Periodic Structures and Meghri-13. Electron, Positron, Neutron and X-ray Scattering under External Influences.— 2013.— [P. 47]
Autor corporatiu: Национальный исследовательский Томский политехнический университет (ТПУ) Физико-технический институт (ФТИ) Кафедра прикладной физики (№ 12) (ПФ)
Altres autors: Chesnokova Yu. A., Shul’ga N. F., Sangarevskyb D. A., Shchagin A. V., Kubankin A. S., Potylitsyn A. P. Alexander Petrovich, Gogolev A. S. Aleksey Sergeevich, Uglov S. R. Sergey Romanovich, Cherepennikov Yu. M. Yuriy Mihaylovich, Karataev P. V. Pavel Vladimirovich
Sumari:Title screen.
Idioma:anglès
Publicat: 2013
Matèries:
Accés en línia:https://www.lib.tpu.ru/fulltext/c/2013/C64/012.pdf
Format: MixedMaterials Electrònic Capítol de llibre
KOHA link:https://koha.lib.tpu.ru/cgi-bin/koha/opac-detail.pl?biblionumber=630936

MARC

LEADER 00000naa2a2200000 4500
001 630936
005 20240218142153.0
035 |a (RuTPU)RU\TPU\conf\32529 
035 |a RU\TPU\conf\21455 
090 |a 630936 
100 |a 20200316d2013 k y0rusy50 ca 
101 0 |a eng 
102 |a RU 
105 |a y z 100zy 
135 |a drgn ---uucaa 
181 0 |a i  
182 0 |a b 
200 1 |a Parametric X-Rays and Background Radiation at 50 Gev ProtonBeam  |f Yu. A. Chesnokova, N. F. Shul’ga, D. A. Sangarevskyb [et al.] 
203 |a Текст  |c электронный 
300 |a Title screen. 
463 1 |0 (RuTPU)RU\TPU\conf\5772  |t RREPS-13. Radiation from Relativistic Electrons in Periodic Structures and Meghri-13. Electron, Positron, Neutron and X-ray Scattering under External Influences  |o X International Symposium and III International Conference, 23-28 September, 2013, Lake Sevan, Armenia  |f National Research Tomsk Polytechnic University (TPU)  |v [P. 47]  |d 2013 
610 1 |a электронный ресурс 
610 1 |a труды учёных ТПУ 
701 1 |a Chesnokova  |b Yu. A. 
701 1 |a Shul’ga  |b N. F. 
701 1 |a Sangarevskyb  |b D. A. 
701 1 |a Shchagin  |b A. V. 
701 1 |a Kubankin  |b A. S. 
701 1 |a Potylitsyn  |b A. P.  |c Russian physicist  |c Professor of the TPU  |f 1945-  |g Alexander Petrovich  |3 (RuTPU)RU\TPU\pers\26306  |9 12068 
701 1 |a Gogolev  |b A. S.  |c physicist  |c associate professor of Tomsk Polytechnic University, Candidate of physical and mathematical sciences  |f 1983-  |g Aleksey Sergeevich  |3 (RuTPU)RU\TPU\pers\31537  |9 15698 
701 1 |a Uglov  |b S. R.  |c physicist  |c Leading Researcher of Tomsk Polytechnic University, Candidate of Physical and Mathematical Sciences  |f 1958-  |g Sergey Romanovich  |3 (RuTPU)RU\TPU\pers\31533  |9 15694 
701 1 |a Cherepennikov  |b Yu. M.  |c physicist  |c Associate Professor of Tomsk Polytechnic University, Candidate of Sciences  |f 1989-  |g Yuriy Mihaylovich  |3 (RuTPU)RU\TPU\pers\31561  |9 15721 
701 1 |a Karataev  |b P. V.  |c physicist  |c head of the laboratory of Tomsk Polytechnic University  |f 1976-  |g Pavel Vladimirovich  |3 (RuTPU)RU\TPU\pers\35522 
712 0 2 |a Национальный исследовательский Томский политехнический университет (ТПУ)  |b Физико-технический институт (ФТИ)  |b Кафедра прикладной физики (№ 12) (ПФ)  |3 (RuTPU)RU\TPU\col\18729 
801 1 |a RU  |b 63413507  |c 20101016 
801 2 |a RU  |b 63413507  |c 20200316  |g RCR 
856 4 |u https://www.lib.tpu.ru/fulltext/c/2013/C64/012.pdf 
942 |c BK